000
00211 a2200109 4500
020
_a
9789584266798
041
_a
spa
100
_a
Angela Becerra
245
_a
Ella que todo lo Tuvo
942
_c
BK
952
_7
1
999
_c
24323
_d
24323